000 00332nam a2200133Ia 4500
008 191201s2004 xx 000 0 und d
082 _a006.3
_bCOE
100 _aCOHEN, Paul R
245 0 _aEmpirical Methods for Artificial Intelligence
260 _aN.Delhi
_bPHI
_c2004
300 _a405
650 _aB.Tech(CSE)
942 _2ddc
_cBK
999 _c1841
_d1841